000 00298nam a22001337a 4500
008 180226b xxu||||| |||| 00| 0 eng d
020 _a0780220870
041 _aeng
080 _a37
100 _a25
101 _aEDU
245 _aEARLY LITERACY IN THE CLASSROOM
_cHELEN.D
942 _2udc
_cBK
999 _c43497
_d43497